书目信息 |
| 题名: |
经济学概论
|
|
| 作者: | 巫和懋 , 霍德明 , 胡春田 著 | |
| 分册: | ||
| 出版信息: | 北京 北京大学出版社 2006.09 |
|
| 页数: | 487页 | |
| 开本: | 26cm | |
| 丛书名: | ||
| 单 册: | ||
| 中图分类: | F01 | |
| 科图分类: | ||
| 主题词: | 经济学--jing ji xue--概论 | |
| 电子资源: | ||
| ISBN: | 7-301-11025-1 | |
| 000 | 00894nam0 2200265 450 | |
| 001 | 012007617203 | |
| 005 | 20070509171043.95 | |
| 010 | @a7-301-11025-1@dCNY68.00 | |
| 100 | @a20070408d2006 km y0chiy0120 ea | |
| 101 | 0 | @achi |
| 102 | @aCN@b110000 | |
| 105 | @aa z 000yy | |
| 200 | 1 | @a经济学概论@Ajing ji xue gai lun@d= Economics@f胡春田 ... [等] 著@Fhu chun tian...[deng]zhu@zeng |
| 210 | @a北京@c北京大学出版社@d2006.09 | |
| 215 | @a487页@c图@d26cm | |
| 304 | @a责任者胡春田, 巫和懋, 霍德明, 熊秉元 | |
| 330 | @a全书分为宏观经济学和微观经济学两大部分,内容全面,语言生动,力求“兼顾经济学的发展均势与一般的教学需要”。 | |
| 510 | 1 | @aEconomics@zeng |
| 606 | 0 | @a经济学@Ajing ji xue@x概论 |
| 690 | @aF01@v4 | |
| 701 | 0 | @a巫和懋@Awu he mao@4著 |
| 701 | 0 | @a霍德明@Ahuo de ming@4著 |
| 701 | 0 | @a胡春田@Ahu chun tian@4著 |
| 801 | 0 | @aCN@c20070509 |
| 905 | @a10447@dF01@eH456 | |
| 经济学概论= Economics/胡春田 ... [等] 著.-北京:北京大学出版社,2006.09 |
| 487页:图;26cm |
| ISBN 7-301-11025-1:CNY68.00 |
| 全书分为宏观经济学和微观经济学两大部分,内容全面,语言生动,力求“兼顾经济学的发展均势与一般的教学需要”。 |
| ● |
| 相关链接 |
|
|
|
正题名:经济学概论
索取号:F01/H456
 
预约/预借
| 序号 | 登录号 | 条形码 | 馆藏地/架位号 | 状态 | 备注 |
| 1 | 240313 | 202403130 | 社科二线422/409社科库 62排2列2层/ [索取号:F01/H456] | 在馆 | |
| 2 | 240314 | 202403149 | 社科库409/409社科库 62排2列2层/ [索取号:F01/H456] | 在馆 |